000 00884nam a22002657a 4500
001 0003697
003 DO-SdBNP
005 20180403102014.0
007 0003697
008 160601b 2007 sp | 00| 0 spa d
020 _a 9788478719174
040 _aBPMSU
_bspa
_cBPMSU
092 _axxxxxx
_bxxxxxx
100 1 _aCastle, Kate
240 1 0 _aMy first ballet book
_lEspañol.
245 1 0 _aMi primer libro de ballet /
_cKate Castle ; directora del ballet Anna du Boisson ; [de la traducción, Ana Duesa Esmendía].
260 _aBarcelona :
_bMolino : RBA Libros,
_c2007.
300 _a48 p. :
_bil. ;
_c28 cm
500 _a"Desde barras y zapatillas hasta pliés y actuaciones"--Cover.
700 1 2 _aBoisson, Anna du,
_edir.
700 1 2 _aDuesa Esmendía, Ana,
_etr.
942 _2ddc
_cBK
945 _aInventariado, 2018/ YL
956 _2LOPEREZ
_310
_6201600601
_8BPMSU
_a00041
999 _c10249
_d10249